• 首页
  • 本馆介绍
  • 公告通知
  • 最新文献
  • 馆藏检索
  • 电子资源
  • 读者导购
  • 参考咨询
  • 我的图书馆
  • 登录
  • 详细信息显示
  • 放入我的书架
  • 预约/预借图书
  • 作者相关作品
  • 分类相关作品
  • 丛书相关作品
  • 出版社相关作品

书目信息

  • 表格格式
  • 工作单格式
  • 卡片格式
题名:
集成电路设计
    
 
作者: 王志功 , 陈莹梅 编著
分册:  
出版信息: 北京   电子工业出版社  2013.7
页数: 307页
开本: 26cm
丛书名:
单 册:
中图分类: TN402
科图分类:
主题词: 集成电路--教材--电路设计--高等学校
电子资源:
ISBN: 978-7-121-19983-7
000 01187nam0 2200265 450
001 3394
005 20160926084602.81
005 20140411181431
010    @a978-7-121-19983-7@b精装@dCNY45.00
100    @a20130725d2013 em y0chiy0110 ea
101 0  @achi
102    @aCN@b110000
105    @aak z 000yy
200 1  @a集成电路设计@9ji cheng dian lu she ji@f王志功,陈莹梅编著
210    @a北京@c电子工业出版社@d2013.7
215    @a307页@c图表@d26cm
300    @a附光盘
330    @a随着微电子工艺特征尺寸的不断缩小,集成电路技术的发展呈现部分新的特征。工艺库与电子CAD软件不断更新,集成电路的速度不断提高,电路复杂度不断增加,电路结构随着电源电压的降低也随之调整。针对这一清况,我们对2009年6月出版的《集成电路设计》第2版进行了重新修订,新版在体系结构上保留原书的特色,基本内容力求符合教育部高等学校电子信息与电气信息类基础课程教学分指导委员会制定的“集成电路设计基础”课程教学基本要求。
333    @a本书适合从事通信方面研究工作的专业人士参考阅读。
606 0  @a集成电路@j教材@x电路设计@x高等学校
690    @aTN402@v4
701  0 @a王志功@9wang zhi gong@4编著
701  0 @a陈莹梅@9chen ying mei@4编著
801  0 @aCN@b唐山师范学院图书馆@c20151001
905    @aZUCC@dTN402@e135
    
    集成电路设计/王志功,陈莹梅编著.-北京:电子工业出版社,2013.7
    307页:图表;26cm
    附光盘.-使用对象:本书适合从事通信方面研究工作的专业人士参考阅读。
    
    ISBN 978-7-121-19983-7(精装):CNY45.00
    随着微电子工艺特征尺寸的不断缩小,集成电路技术的发展呈现部分新的特征。工艺库与电子CAD软件不断更新,集成电路的速度不断提高,电路复杂度不断增加,电路结构随着电源电压的降低也随之调整。针对这一清况,我们对2009年6月出版的《集成电路设计》第2版进行了重新修订,新版在体系结构上保留原书的特色,基本内容力求符合教育部高等学校电子信息与电气信息类基础课程教学分指导委员会制定的“集成电路设计基础”课程教学基本要求。
●
相关链接 在E读中查询图书 在五车中查询图书 在当当中查询图书 在豆瓣中查询图书


正题名:集成电路设计     索取号:TN402/135         预约/预借

序号 登录号 条形码 馆藏地/架位号 状态 备注
1 904751   209047510   第二样本阅览室/ [索取号:TN402/135] 在馆    
2 904752   209047529   第三借阅区/ [索取号:TN402/135] 在馆    
3 904753   209047538   第三借阅区/ [索取号:TN402/135] 在馆    
4 904754   209047547   第三借阅区/ [索取号:TN402/135] 在馆    
5 904755   209047556   第三借阅区/ [索取号:TN402/135] 在馆    
唐山师范学院图书馆 欢迎您!
大连网信软件有限公司© 版权所有